| 000 | 00812nam a2200193 a 4500 | ||
|---|---|---|---|
| 008 | 120416s1976 ||||||||||||||||| || u | ||
| 050 | _aHC 241.2 Pax | ||
| 100 | _aPaxton, John | ||
| 245 | 1 | 4 | _aThe developing Common market |
| 246 | _athe structure of the EEC in theory and practice | ||
| 250 | _a3rd ed. | ||
| 260 |
_aBoulder, Colo. _bWestview Press _c1976 |
||
| 300 | _aix, 240p. : ill. | ||
| 350 | _a0.00 | ||
| 650 | _aEUROPEAN ECONOMIC COMMUNITY--DEVELOPMENT | ||
| 650 | _aINDUSTRY | ||
| 995 |
_aANNEX COLLECTION (Main Library) _D0.00 _e704114 _FCBU-MAIN LIBRARY (Kitwe) _H1 _I0.00 _jHC 241.2 Pax _M1 _UAVAILABLE _y002822 _ZAnnex Low-Usage Collection |
||
| 995 |
_aANNEX COLLECTION (Main Library) _D0.00 _e704113 _FCBU-MAIN LIBRARY (Kitwe) _H2 _I0.00 _jHC 241.2 Pax _M2 _UAVAILABLE _y002821 _ZAnnex Low-Usage Collection |
||
| 999 |
_c63473 _d63473 |
||